| 000 | 01306nam a2200397 i 4500 | ||
|---|---|---|---|
| 001 | 14443 | ||
| 003 | KOSZ 005 | ||
| 005 | 20191003090359.0 | ||
| 008 | 190622s1972 pl f 001 0 pol | ||
| 015 | _aPB 1972/2217 | ||
| 035 | _a991036567809705066 | ||
| 035 | _a(PL-WaBN)b19819742-48omnis_nlop | ||
| 035 | _ab19819742 | ||
| 035 | _a(OCoLC)839161356 | ||
| 035 | _a(PL)b0000001981974 | ||
| 035 | _a(EXLNZ-48OMNIS_NETWORK)9910521952605606 | ||
| 040 |
_aWA N _cWA N _dKOSZ 005/RW |
||
| 046 | _k1972 | ||
| 080 | _a517 | ||
| 100 | 1 |
_aKoźniewska, Ira _d(1911-1989). _eAutor |
|
| 245 | 1 | 0 |
_aRównania rekurencyjne / _cIra Koźniewska. |
| 260 |
_aWarszawa : _bPaństwowe Wydawnictwo Naukowe, _c1972. |
||
| 300 |
_a287, [1] stron ; _c22 cm. |
||
| 336 |
_aTekst _btxt _2rdacontent |
||
| 337 |
_aBez urządzenia pośredniczącego _bn _2rdamedia |
||
| 338 |
_aWolumin _bnc _2rdacarrier |
||
| 380 | _aKsiążki | ||
| 388 | _a1901-2000 | ||
| 504 | _aBibliografia na stronach [279]-281. Indeks. | ||
| 658 | _aMatematyka | ||
| 650 | 7 |
_aRównania różnicowe _2DBN |
|
| 710 | 2 |
_aPaństwowe Wydawnictwo Naukowe _4pbl. |
|
| 856 |
_uhttp://koha.tu.koszalin.pl/cgi-bin/koha/opac-detail.pl?biblionumber=14443 _yKatalog online BPK |
||
| 942 |
_2UKD _cKS |
||
| 999 |
_c14443 _d14443 |
||